Contract

Bibliographic Details
Main Author: Davies, F.R
Format: Book
Published: London : Sweet & Maxwell , 1986
Edition:5th. ed
Subjects:

MARC

LEADER 00000cam a2200000 7i4500
001 0000000379
005 19991206.0
020 |a 0421351004 
040 |a INS 
090 0 0 |a 344.2062   |b DAV 
100 1 |a Davies, F.R. 
245 1 0 |a Contract   |c F.R. Davis 
250 |a 5th. ed 
260 |a London :   |b Sweet & Maxwell ,   |c 1986 
300 |a 290p. ;   |c 22 cm. 
650 0 0 |a Contract   |x England 
999 |a 0000003143   |b BOOK   |c Open Shelf   |e Default branch